[Event "CAN/Quebec op"]
[Site "Montreal CAN"]
[Date "2008.07.22"]
[Round "4"]
[White "Chabot, Roland"]
[Black "Venkatesh, Marani Rajendran"]
[Result "0-1"]
[WhiteElo "2235"]
[BlackElo "2462"]
[PlyCount "54"]
[GameId "2160767910345225"]
[EventDate "2008.07.19"]
[EventType "swiss"]
[EventRounds "9"]
[EventCountry "CAN"]
[SourceTitle "CBM 125 Extra"]
[Source "ChessBase"]
[SourceDate "2008.09.01"]
[SourceVersion "1"]
[SourceVersionDate "2008.09.01"]
[SourceQuality "1"]

1. d4 Nf6 2. c4 e6 3. Nc3 Bb4 4. Qc2 O-O 5. a3 Bxc3+ 6. Qxc3 b6 7. Bg5 Ba6 8. e3 d6 9. Qc2 Nbd7 10. f3 c5 11. dxc5 bxc5 12. Rd1 Qb6 13. Bd3 d5 14. cxd5 c4 15. Be2 exd5 16. Qc3 Rfe8 17. Rd4 Rab8 18. b4 cxb3 19. Rb4 Qe6 20. Qxb3 Rbc8 21. Qd1 h6 22. Bxf6 Nxf6 23. Qd4 Rc1+ 24. Kd2 Rec8 25. Bd1 Qc6 26. Qb2 Rb1 27. Qc2 Rxd1+ 0-1

[Event "CAN/Quebec op"]
[Site "Montreal CAN"]
[Date "2008.07.22"]
[Round "4"]
[White "Doubleday, William"]
[Black "Yap, Nicolas A"]
[Result "1-0"]
[WhiteElo "2125"]
[BlackElo "2279"]
[PlyCount "113"]
[GameId "2160767910345227"]
[EventDate "2008.07.19"]
[EventType "swiss"]
[EventRounds "9"]
[EventCountry "CAN"]
[SourceTitle "EXT 2009"]
[Source "ChessBase"]
[SourceDate "2008.11.26"]
[SourceVersion "1"]
[SourceVersionDate "2008.11.26"]
[SourceQuality "1"]

1. d4 Nf6 2. c4 e6 3. Nc3 Bb4 4. e3 O-O 5. Nge2 d5 6. a3 Bd6 7. Ng3 c6 8. Bd3 Re8 9. O-O Nbd7 10. e4 dxc4 11. Bxc4 Nb6 12. Bb3 e5 13. f3 exd4 14. Qxd4 Qe7 15. Qf2 Be6 16. Bxe6 Qxe6 17. Qc2 Rad8 18. b3 Nbd7 19. Be3 a6 20. Bf2 b5 21. Nf5 Bc5 22. Rad1 g6 23. Nd4 Bxd4 24. Bxd4 c5 25. Bf2 Rc8 26. Nd5 c4 27. bxc4 Rxc4 28. Qb3 Nxd5 29. exd5 Qd6 30. Bg3 Qf6 31. Rfe1 Rec8 32. Qe3 h5 33. h4 Rc2 34. Rd3 Ra2 35. Rd2 Rxd2 36. Qxd2 Qf5 37. d6 Nb8 38. Qd4 Nd7 39. Kh2 Rd8 40. Re2 Nf8 41. Qb6 Rc8 42. Qb7 Rd8 43. Qxa6 g5 44. Qb6 gxh4 45. Bxh4 Ra8 46. Qe3 Ra4 47. Qg5+ Qxg5 48. Bxg5 Rd4 49. Rb2 Rxd6 50. Rxb5 Ne6 51. Be7 Rd1 52. Bb4 h4 53. Rh5 Kg7 54. Rxh4 Kg6 55. Rc4 Kf5 56. g4+ Kg6 57. f4 1-0

[Event "CAN/Quebec op"]
[Site "Montreal CAN"]
[Date "2008.07.22"]
[Round "4"]
[White "Hansen, Eric"]
[Black "Arun Prasad, Subramanian"]
[Result "0-1"]
[WhiteElo "2268"]
[BlackElo "2492"]
[PlyCount "89"]
[GameId "2160767910345228"]
[EventDate "2008.07.19"]
[EventType "swiss"]
[EventRounds "9"]
[EventCountry "CAN"]
[SourceTitle "CBM 125 Extra"]
[Source "ChessBase"]
[SourceDate "2008.09.01"]
[SourceVersion "1"]
[SourceVersionDate "2008.09.01"]
[SourceQuality "1"]

1. e4 c5 2. Nf3 d6 3. d4 cxd4 4. Nxd4 Nf6 5. Nc3 a6 6. Bg5 e6 7. Qd2 Nbd7 8. O-O-O Qc7 9. f4 b5 10. Bd3 Bb7 11. Rhe1 Be7 12. Kb1 h6 13. Bxf6 Nxf6 14. g4 Qb6 15. h3 O-O-O 16. Nb3 Kb8 17. a4 b4 18. Na2 d5 19. a5 Qc7 20. e5 Ne4 21. Bxe4 dxe4 22. Qe3 Bd5 23. Rd4 Bxb3 24. cxb3 Qxa5 25. Rc4 Qb5 26. Qxe4 a5 27. Nc1 Rd5 28. Re2 Rhd8 29. Rec2 Bc5 30. Nd3 Bb6 31. Nc1 g6 32. Qe2 Ka7 33. Qf3 Rd1 34. Rc8 Qd5 35. Qe2 Rxc8 36. Rxc8 Rd2 37. Qc4 Qxc4 38. Rxc4 Rh2 39. f5 gxf5 40. gxf5 exf5 41. Rh4 Be3 42. Nd3 Rd2 43. Nf4 Rd4 44. Ng2 Rd1+ 45. Kc2 0-1

[Event "CAN/Quebec op"]
[Site "Montreal CAN"]
[Date "2008.07.22"]
[Round "4"]
[White "Huzman, Alexander"]
[Black "Cornette, Matthieu"]
[Result "1-0"]
[WhiteElo "2589"]
[BlackElo "2521"]
[PlyCount "61"]
[GameId "2160767910345230"]
[EventDate "2008.07.19"]
[EventType "swiss"]
[EventRounds "9"]
[EventCountry "CAN"]
[SourceTitle "CBM 125 Extra"]
[Source "ChessBase"]
[SourceDate "2008.09.01"]
[SourceVersion "1"]
[SourceVersionDate "2008.09.01"]
[SourceQuality "1"]

1. d4 Nf6 2. Nf3 d5 3. c4 e6 4. g3 dxc4 5. Bg2 Nc6 6. Qa4 Bb4+ 7. Bd2 Nd5 8. Bxb4 Ndxb4 9. O-O Rb8 10. Na3 O-O 11. Qb5 b6 12. Qxc4 Ba6 13. Nb5 Qd5 14. Qxd5 exd5 15. Nc3 Rfe8 16. Rfd1 Ne7 17. a3 Nbc6 18. b4 Bb7 19. Rdc1 Nf5 20. e3 Nce7 21. b5 Nd6 22. Ne5 Red8 23. Rc2 f6 24. Nd3 Ne4 25. Nb4 Nxc3 26. Rxc3 Rd7 27. Rac1 Rc8 28. Bh3 f5 29. Nd3 c5 30. bxc6 Rxc6 31. Ne5 1-0

[Event "CAN/Quebec op"]
[Site "Montreal CAN"]
[Date "2008.07.22"]
[Round "4"]
[White "Istratescu, Andrei"]
[Black "Bluvshtein, Mark"]
[Result "1/2-1/2"]
[WhiteElo "2636"]
[BlackElo "2548"]
[PlyCount "80"]
[GameId "2160767910345231"]
[EventDate "2008.07.19"]
[EventType "swiss"]
[EventRounds "9"]
[EventCountry "CAN"]
[SourceTitle "CBM 125 Extra"]
[Source "ChessBase"]
[SourceDate "2008.09.01"]
[SourceVersion "1"]
[SourceVersionDate "2008.09.01"]
[SourceQuality "1"]

1. d4 Nf6 2. c4 e6 3. Nf3 c5 4. d5 exd5 5. cxd5 d6 6. Nc3 g6 7. e4 a6 8. a4 Bg4 9. Be2 Nbd7 10. Nd2 Bxe2 11. Qxe2 Bg7 12. Nc4 Nb6 13. e5 dxe5 14. Qxe5+ Kf8 15. Nxb6 Qxb6 16. a5 Qd8 17. O-O Kg8 18. d6 Ne8 19. Qxc5 Qxd6 20. Qc4 Qc6 21. Qxc6 bxc6 22. Na4 Nc7 23. Rd1 Nd5 24. Nb6 Rd8 25. Ra3 h6 26. Rad3 Kh7 27. Nxd5 Rxd5 28. Rxd5 cxd5 29. Rxd5 Rc8 30. Be3 Bxb2 31. Rd7 Kg7 32. Ra7 Rc6 33. g4 g5 34. Bb6 Kg6 35. Rxa6 Bd4 36. Kg2 Rf6 37. f3 h5 38. h3 hxg4 39. hxg4 Re6 40. Kf1 Bc5 1/2-1/2

[Event "CAN/Quebec op"]
[Site "Montreal CAN"]
[Date "2008.07.22"]
[Round "4"]
[White "Jiang, Louie"]
[Black "Ivkov, Borislav"]
[Result "0-1"]
[WhiteElo "2135"]
[BlackElo "2411"]
[PlyCount "146"]
[GameId "2160767910345232"]
[EventDate "2008.07.19"]
[EventType "swiss"]
[EventRounds "9"]
[EventCountry "CAN"]
[SourceTitle "EXT 2009"]
[Source "ChessBase"]
[SourceDate "2008.11.26"]
[SourceVersion "1"]
[SourceVersionDate "2008.11.26"]
[SourceQuality "1"]

1. e4 c5 2. Nf3 Nc6 3. d4 cxd4 4. Nxd4 g6 5. c4 Bg7 6. Be3 Nf6 7. Nc3 d6 8. Be2 O-O 9. O-O Bd7 10. f3 a5 11. Rc1 a4 12. Qd2 Qa5 13. Rfd1 Rfc8 14. Nxc6 Bxc6 15. Bd4 Nd7 16. Bxg7 Kxg7 17. Nd5 Bxd5 18. Qxa5 Rxa5 19. cxd5 Rac5 20. Rxc5 Rxc5 21. Rd4 Rc2 22. Bb5 Nc5 23. Rb4 a3 24. bxa3 Rxa2 25. a4 g5 26. g3 h5 27. h4 Kf6 28. f4 g4 29. Rc4 b6 30. Rb4 Ra3 31. Kg2 Re3 32. e5+ dxe5 33. fxe5+ Kxe5 34. Be8 Ne4 35. Bxf7 Rxg3+ 36. Kh2 Rh3+ 37. Kg2 Rxh4 38. Rxb6 Ng5 39. d6 exd6 40. Rb5+ Kf6 41. a5 Kxf7 42. a6 Rh3 43. Ra5 Ne6 44. a7 Nc7 45. Rb5 Ke6 46. Rb7 Na8 47. Rb8 Ra3 48. Rxa8 Kd5 49. Rh8 Rxa7 50. Rxh5+ Ke4 51. Rg5 Kf4 52. Rd5 Ra2+ 53. Kf1 Ra6 54. Kg2 Ke4 55. Rg5 Kf4 56. Rd5 Rb6 57. Rd4+ Kf5 58. Rd5+ Ke4 59. Rg5 d5 60. Rxg4+ Ke3 61. Rg5 d4 62. Re5+ Kd2 63. Ra5 Rf6 64. Ra2+ Ke3 65. Ra8 d3 66. Re8+ Kd2 67. Rc8 Ke2 68. Re8+ Kd1 69. Rc8 d2 70. Rc5 Ke2 71. Re5+ Kd3 72. Rd5+ Ke3 73. Rd7 Rf4 0-1

[Event "CAN/Quebec op"]
[Site "Montreal CAN"]
[Date "2008.07.22"]
[Round "4"]
[White "Karavade, Eesha"]
[Black "Ganguly, Surya Shekhar"]
[Result "0-1"]
[WhiteElo "2297"]
[BlackElo "2631"]
[PlyCount "74"]
[GameId "2160767910345233"]
[EventDate "2008.07.19"]
[EventType "swiss"]
[EventRounds "9"]
[EventCountry "CAN"]
[SourceTitle "CBM 125 Extra"]
[Source "ChessBase"]
[SourceDate "2008.09.01"]
[SourceVersion "1"]
[SourceVersionDate "2008.09.01"]
[SourceQuality "1"]

1. d4 f5 2. g3 Nf6 3. Bg2 g6 4. Nf3 Bg7 5. O-O O-O 6. b3 d6 7. Bb2 Na6 8. c4 c5 9. Nc3 Bd7 10. Qc2 Qe8 11. Rad1 Nb4 12. Qd2 b6 13. d5 h6 14. a3 Na6 15. Qc2 g5 16. Rfe1 Qf7 17. Rf1 Qh5 18. Rde1 Rf7 19. Nd2 f4 20. Nce4 Raf8 21. Nxf6+ Bxf6 22. Bxf6 Rxf6 23. Qc3 Bg4 24. Bf3 Nb8 25. Bxg4 Qxg4 26. Kg2 Qh5 27. f3 Nd7 28. Ne4 R6f7 29. e3 fxg3 30. Nxg3 Qg6 31. f4 gxf4 32. exf4 Rxf4 33. Rxf4 Rxf4 34. Rxe7 Ne5 35. Re6 Qb1 36. Rxd6 Qa2+ 37. Kh1 Rf2 0-1

[Event "CAN/Quebec op"]
[Site "Montreal CAN"]
[Date "2008.07.22"]
[Round "4"]
[White "Kiran, Manisha Mohanty"]
[Black "Lachaux, Jerome"]
[Result "1-0"]
[WhiteElo "2261"]
[BlackElo "2075"]
[PlyCount "35"]
[GameId "2160767910345234"]
[EventDate "2008.07.19"]
[EventType "swiss"]
[EventRounds "9"]
[EventCountry "CAN"]
[SourceTitle "CBM 125 Extra"]
[Source "ChessBase"]
[SourceDate "2008.09.01"]
[SourceVersion "1"]
[SourceVersionDate "2008.09.01"]
[SourceQuality "1"]

1. e4 d5 2. exd5 Nf6 3. d4 Bg4 4. Nf3 Qxd5 5. Be2 Nc6 6. Be3 O-O-O 7. Nbd2 Qh5 8. c4 e6 9. h3 Bb4 10. O-O Bxd2 11. Qxd2 e5 12. d5 e4 13. Nd4 Ne5 14. hxg4 Nexg4 15. Bf4 g5 16. Bg3 e3 17. fxe3 Ne4 18. Qd1 1-0

[Event "CAN/Quebec op"]
[Site "Montreal CAN"]
[Date "2008.07.22"]
[Round "4"]
[White "Komarov, Dimitri"]
[Black "Noritsyn, Nikolay"]
[Result "1-0"]
[WhiteElo "2536"]
[BlackElo "2361"]
[PlyCount "45"]
[GameId "2160767910345235"]
[EventDate "2008.07.19"]
[EventType "swiss"]
[EventRounds "9"]
[EventCountry "CAN"]
[SourceTitle "CBM 125 Extra"]
[Source "ChessBase"]
[SourceDate "2008.09.01"]
[SourceVersion "1"]
[SourceVersionDate "2008.09.01"]
[SourceQuality "1"]

1. d4 Nf6 2. Nf3 g6 3. c4 c5 4. d5 d6 5. Nc3 Bg7 6. e4 O-O 7. h3 Na6 8. Bd3 Nc7 9. Bg5 Bd7 10. Qd2 a6 11. e5 dxe5 12. Nxe5 Be8 13. Ng4 Bd7 14. Nh6+ Kh8 15. O-O Nce8 16. Rfe1 Nd6 17. Qe3 Re8 18. Qxc5 Qc8 19. Qb6 Bxh6 20. Bxh6 Nxc4 21. Bxc4 Qxc4 22. Rxe7 Ng8 23. Rxf7 1-0

[Event "CAN/Quebec op"]
[Site "Montreal CAN"]
[Date "2008.07.22"]
[Round "4"]
[White "Kunte, Abhijit"]
[Black "Mulyar, Michael"]
[Result "1-0"]
[WhiteElo "2554"]
[BlackElo "2382"]
[PlyCount "49"]
[GameId "2160767910345236"]
[EventDate "2008.07.19"]
[EventType "swiss"]
[EventRounds "9"]
[EventCountry "CAN"]
[SourceTitle "CBM 125 Extra"]
[Source "ChessBase"]
[SourceDate "2008.09.01"]
[SourceVersion "1"]
[SourceVersionDate "2008.09.01"]
[SourceQuality "1"]

1. d4 d5 2. c4 c6 3. Nf3 Nf6 4. e3 Bg4 5. h3 Bxf3 6. Qxf3 e6 7. Bd3 Bb4+ 8. Nc3 Nbd7 9. O-O O-O 10. a3 Ba5 11. b4 Bc7 12. cxd5 cxd5 13. e4 dxe4 14. Nxe4 h6 15. Bd2 Nd5 16. Rac1 Rc8 17. Rfe1 Qh4 18. Nc5 N7f6 19. Nxb7 Qxd4 20. Nc5 Bb6 21. Rc4 Qb2 22. Bc1 Qa1 23. Nb3 Qa2 24. Re2 Rxc4 25. Bxc4 1-0

[Event "CAN/Quebec op"]
[Site "Montreal CAN"]
[Date "2008.07.22"]
[Round "4"]
[White "Meera, Sai Ravi"]
[Black "Henry, Liam"]
[Result "1/2-1/2"]
[WhiteElo "2179"]
[BlackElo "2211"]
[PlyCount "136"]
[GameId "2160767910345237"]
[EventDate "2008.07.19"]
[EventType "swiss"]
[EventRounds "9"]
[EventCountry "CAN"]
[SourceTitle "CBM 125 Extra"]
[Source "ChessBase"]
[SourceDate "2008.09.01"]
[SourceVersion "1"]
[SourceVersionDate "2008.09.01"]
[SourceQuality "1"]

1. e4 c5 2. Nc3 d6 3. Nf3 Nf6 4. d4 cxd4 5. Nxd4 a6 6. f4 e5 7. Nf3 Nbd7 8. a4 Be7 9. Bd3 O-O 10. O-O Nc5 11. Kh1 exf4 12. Bxf4 Bg4 13. Be3 Rc8 14. Qd2 Bh5 15. Bd4 Bg6 16. Rae1 Re8 17. b4 Ne6 18. Bxf6 Bxf6 19. Nd5 Be5 20. Rb1 Nc7 21. Nb6 Rb8 22. Nxe5 Rxe5 23. Qc3 Qe7 24. Nc4 Re6 25. Ne3 Re5 26. b5 axb5 27. axb5 b6 28. Nf5 Bxf5 29. exf5 Nd5 30. Qd4 Nf6 31. Ra1 Qc7 32. Ra6 Qc5 33. Qxc5 Rxc5 34. Re1 Kf8 35. Ra7 Re8 36. Rea1 Ng4 37. Kg1 Ne5 38. Bf1 Rb8 39. c4 Nxc4 40. Bxc4 Rxc4 41. Rd7 Rf4 42. Rf1 Rxf1+ 43. Kxf1 d5 44. Ke2 Ke8 45. Rxd5 Ke7 46. Kf3 Rc8 47. g4 Rc3+ 48. Kf4 Rc4+ 49. Kf3 h6 50. h4 Rc3+ 51. Kf4 Rh3 52. h5 Rc3 53. Ke4 Rc4+ 54. Kf3 f6 55. Rd3 Rc5 56. Re3+ Kf7 57. Rb3 Re5 58. Ra3 Rxb5 59. Ra7+ Kg8 60. Ra8+ Kh7 61. Rb8 Rb1 62. Kg2 Rb2+ 63. Kg3 b5 64. Kh3 Rb3+ 65. Kg2 b4 66. Kh2 Rb1 67. Kg2 b3 68. Kh2 b2 1/2-1/2

[Event "CAN/Quebec op"]
[Site "Montreal CAN"]
[Date "2008.07.22"]
[Round "4"]
[White "Mikhalevski, Victor"]
[Black "Arencibia Rodriguez, Walter"]
[Result "1/2-1/2"]
[WhiteElo "2592"]
[BlackElo "2536"]
[PlyCount "105"]
[GameId "2160767910345238"]
[EventDate "2008.07.19"]
[EventType "swiss"]
[EventRounds "9"]
[EventCountry "CAN"]
[SourceTitle "CBM 125 Extra"]
[Source "ChessBase"]
[SourceDate "2008.09.01"]
[SourceVersion "1"]
[SourceVersionDate "2008.09.01"]
[SourceQuality "1"]

1. d4 d5 2. c4 c6 3. Nf3 Nf6 4. Nc3 a6 5. c5 Bf5 6. Bf4 Nbd7 7. e3 g6 8. h3 Bg7 9. Be2 O-O 10. O-O Re8 11. Bh2 Ne4 12. g4 Be6 13. Nd2 Nxd2 14. Qxd2 f6 15. f4 Bf7 16. f5 e5 17. fxe6 Rxe6 18. Rae1 Bh6 19. Bf4 Bxf4 20. exf4 Qc7 21. Bd3 Nf8 22. Rxe6 Nxe6 23. Ne2 Re8 24. Rf3 Kg7 25. Kg2 g5 26. fxg5 Nxg5 27. Re3 Rxe3 28. Qxe3 Bg6 29. Ng3 Kf7 30. Bf5 Qe7 31. Qxe7+ Kxe7 32. h4 Ne6 33. Bxe6 Kxe6 34. g5 fxg5 35. hxg5 a5 36. Kf3 Bb1 37. a3 Bg6 38. Kf4 Bc2 39. Nf1 Bd3 40. Ne3 a4 41. Ng4 Bf5 42. Nh6 Bh3 43. Kf3 Ke7 44. Kg3 Bf1 45. Kf4 Bh3 46. Kg3 Be6 47. Kf4 Kf8 48. Ng4 Bxg4 49. Kxg4 Ke7 50. Kf3 Kf7 51. Kf4 Kf8 52. Ke5 Ke7 53. Kf5 1/2-1/2

[Event "CAN/Quebec op"]
[Site "Montreal CAN"]
[Date "2008.07.22"]
[Round "4"]
[White "Mohota, Nisha"]
[Black "Kovalyov, Anton"]
[Result "0-1"]
[WhiteElo "2354"]
[BlackElo "2548"]
[PlyCount "138"]
[GameId "2160767910345239"]
[EventDate "2008.07.19"]
[EventType "swiss"]
[EventRounds "9"]
[EventCountry "CAN"]
[SourceTitle "CBM 125 Extra"]
[Source "ChessBase"]
[SourceDate "2008.09.01"]
[SourceVersion "1"]
[SourceVersionDate "2008.09.01"]
[SourceQuality "1"]

1. d4 Nf6 2. c4 e6 3. Nc3 Bb4 4. Qc2 O-O 5. a3 Bxc3+ 6. Qxc3 b6 7. Bg5 Bb7 8. f3 h6 9. Bh4 d5 10. e3 Nbd7 11. cxd5 Nxd5 12. Bxd8 Nxc3 13. Bh4 Nd5 14. Bf2 c5 15. e4 Ne7 16. Ne2 f5 17. exf5 Nxf5 18. O-O-O Rac8 19. Nc3 c4 20. Be2 Nf6 21. Rhe1 a6 22. Rd2 Nd5 23. Nxd5 Bxd5 24. Bd1 b5 25. Bc2 Ne7 26. Re3 a5 27. Rd1 b4 28. Be1 Rb8 29. Bg3 Rb6 30. Bc7 Ra6 31. Be5 Rf7 32. Kd2 Nc6 33. Bg6 Rb7 34. a4 Ne7 35. Be4 Rc6 36. Kc2 Rd7 37. g4 Rc8 38. Bg3 Kf7 39. Re2 Bc6 40. Bxc6 Rxc6 41. Re5 Nd5 42. Be1 Ra7 43. h4 Kf8 44. f4 Nxf4 45. Rxa5 b3+ 46. Kb1 Rxa5 47. Bxa5 Nd5 48. Bd2 Ke7 49. Rf1 Rc7 50. a5 Kd6 51. g5 hxg5 52. Bxg5 g6 53. Bd2 Kc6 54. Rf8 Rh7 55. Bg5 Kb5 56. Rc8 Nc7 57. Kc1 Rf7 58. Rb8+ Ka6 59. Bd8 Nd5 60. Rc8 Rf1+ 61. Kd2 Rf2+ 62. Ke1 Rxb2 63. Rxc4 Rb1+ 64. Kd2 b2 65. Rc6+ Kb7 66. Rc2 Rd1+ 67. Kxd1 b1=Q+ 68. Kd2 Qb4+ 69. Kd3 Qb3+ 0-1

[Event "CAN/Quebec op"]
[Site "Montreal CAN"]
[Date "2008.07.22"]
[Round "4"]
[White "Poulin, Maurice"]
[Black "Nicula, Marius"]
[Result "1-0"]
[WhiteElo "1989"]
[BlackElo "2209"]
[PlyCount "63"]
[GameId "2160767910345240"]
[EventDate "2008.07.19"]
[EventType "swiss"]
[EventRounds "9"]
[EventCountry "CAN"]
[SourceTitle "EXT 2009"]
[Source "ChessBase"]
[SourceDate "2008.11.26"]
[SourceVersion "1"]
[SourceVersionDate "2008.11.26"]
[SourceQuality "1"]

1. e4 c5 2. Nf3 Nc6 3. Bb5 g6 4. O-O Bg7 5. c3 e5 6. b4 cxb4 7. cxb4 Nge7 8. Nc3 O-O 9. a3 d5 10. d3 h6 11. Bb2 d4 12. Ne2 f5 13. Bxc6 bxc6 14. Nd2 f4 15. f3 h5 16. Nb3 g5 17. Nc5 Rf6 18. Nc1 g4 19. Kf2 a5 20. bxa5 Rxa5 21. N1b3 Ra7 22. Ke2 Ng6 23. Qe1 Bf8 24. Qd2 Bd6 25. a4 Qb6 26. Ba3 Ba6 27. Rab1 Qd8 28. Bb4 Qe7 29. Rg1 Rb7 30. Nxa6 Bxb4 31. Qc1 Qd7 32. Qc4+ 1-0

[Event "CAN/Quebec op"]
[Site "Montreal CAN"]
[Date "2008.07.22"]
[Round "4"]
[White "Rathnakaran, Kantholi"]
[Black "Swathi, Ghate"]
[Result "1/2-1/2"]
[WhiteElo "2453"]
[BlackElo "2351"]
[PlyCount "141"]
[GameId "2160767910345241"]
[EventDate "2008.07.19"]
[EventType "swiss"]
[EventRounds "9"]
[EventCountry "CAN"]

1. e4 c5 2. Nf3 d6 3. Bb5+ Nd7 4. O-O Ngf6 5. Re1 a6 6. Bf1 b6 7. c3 Bb7 8. d3 g6 9. Nbd2 Bg7 10. d4 cxd4 11. cxd4 O-O 12. h3 Rc8 13. b3 Rc7 14. Ba3 Re8 15. Qe2 Qa8 16. e5 dxe5 17. dxe5 Nd5 18. e6 Nf8 19. exf7+ Kxf7 20. Rac1 Rxc1 21. Rxc1 b5 22. Re1 Kg8 23. Ne4 Ne6 24. Nc5 Nef4 25. Qe4 Bc8 26. Ne5 Bf5 27. Qf3 Rc8 28. g3 b4 29. Bc1 Nxh3+ 30. Bxh3 Bxh3 31. Qf7+ Kh8 32. Ne6 Bxe5 33. Ng5 Bg7 34. Nxh3 Rc2 35. Qf3 Qc8 36. Qxd5 Rxc1 37. Rxc1 Qxc1+ 38. Kg2 Bf6 39. Qa8+ Kg7 40. Qxa6 g5 41. Qe2 Qc6+ 42. Kh2 Qd5 43. Ng1 Kf8 44. Nf3 Bc3 45. Qe3 h6 46. Ne1 Bxe1 47. Qxe1 Qd4 48. Kg2 e5 49. Qe2 Kg7 50. Qc2 Qd5+ 51. Kg1 Qd4 52. Kf1 Kf6 53. Qc6+ Kg7 54. Qb7+ Kg6 55. Qa6+ Kg7 56. Qe6 Qd3+ 57. Kg1 Qd1+ 58. Kg2 Qd4 59. a4 bxa3 60. Qe7+ Kg6 61. Qxa3 Qe4+ 62. Kh2 h5 63. Qd6+ Kg7 64. Qe7+ Kg6 65. Qe8+ Kh6 66. Qf8+ Kg6 67. Qg8+ Kh6 68. Qf7 h4 69. Qf6+ Kh5 70. Qf7+ Kh6 71. Qe6+ 1/2-1/2

[Event "CAN/Quebec op"]
[Site "Montreal CAN"]
[Date "2008.07.22"]
[Round "4"]
[White "Roussel-Roozmon, Thomas"]
[Black "Moiseenko, Alexander"]
[Result "1/2-1/2"]
[WhiteElo "2486"]
[BlackElo "2632"]
[PlyCount "58"]
[GameId "2160767910345243"]
[EventDate "2008.07.19"]
[EventType "swiss"]
[EventRounds "9"]
[EventCountry "CAN"]
[SourceTitle "CBM 125 Extra"]
[Source "ChessBase"]
[SourceDate "2008.09.01"]
[SourceVersion "1"]
[SourceVersionDate "2008.09.01"]
[SourceQuality "1"]

1. d4 Nf6 2. c4 d6 3. Nf3 g6 4. Nc3 Bf5 5. Nh4 Bd7 6. g3 e5 7. Bg2 Nc6 8. d5 Ne7 9. O-O Bg7 10. e4 O-O 11. h3 h6 12. Kh2 Nh7 13. Be3 g5 14. Nf3 f5 15. exf5 Nxf5 16. Ne4 g4 17. hxg4 Nxe3 18. fxe3 Bxg4 19. Bh3 Bxh3 20. Kxh3 Qd7+ 21. Kg2 Nf6 22. Nxf6+ Rxf6 23. e4 Raf8 24. Qe2 Qg4 25. Ng1 Qg6 26. Rxf6 Rxf6 27. Nh3 h5 28. Nf2 h4 29. g4 Rf4 1/2-1/2

[Event "CAN/Quebec op"]
[Site "Montreal CAN"]
[Date "2008.07.22"]
[Round "4"]
[White "Sambuev, Bator"]
[Black "Castaneda, Nelson"]
[Result "1-0"]
[WhiteElo "2496"]
[BlackElo "2314"]
[PlyCount "105"]
[GameId "2160767910345244"]
[EventDate "2008.07.19"]
[EventType "swiss"]
[EventRounds "9"]
[EventCountry "CAN"]
[SourceTitle "CBM 125 Extra"]
[Source "ChessBase"]
[SourceDate "2008.09.01"]
[SourceVersion "1"]
[SourceVersionDate "2008.09.01"]
[SourceQuality "1"]

1. Nf3 Nf6 2. c4 g6 3. Nc3 Bg7 4. e4 d6 5. d4 O-O 6. Be2 e5 7. O-O Nc6 8. d5 Ne7 9. Ne1 Nd7 10. Be3 f5 11. f3 f4 12. Bf2 g5 13. Rc1 a6 14. Nd3 Rf6 15. c5 Rh6 16. Qb3 Nf6 17. cxd6 cxd6 18. Bb6 Qe8 19. Nf2 Rh4 20. g3 Rh6 21. g4 Nd7 22. Na4 Rf6 23. Rc7 Qg6 24. Rfc1 Qh6 25. R1c3 Qh4 26. Qc2 Rf8 27. Nd3 Qh6 28. Bf2 Qf6 29. Nb6 Nxb6 30. Bxb6 h5 31. h3 hxg4 32. hxg4 Kf7 33. Nf2 Rh8 34. Qa4 Qh6 35. Qb4 Bf8 36. Kf1 Qf6 37. Bd1 Kg6 38. Ba4 Rh7 39. Ke2 Rh2 40. Be8+ Kh6 41. Qa4 a5 42. Bb5 Kg7 43. Qc2 Qh6 44. Rxc8 Nxc8 45. Rxc8 Rxc8 46. Qxc8 Qh3 47. Qf5 Qh6 48. Be8 Qf6 49. Bh5 Qxf5 50. exf5 Kf6 51. Kf1 a4 52. Kg1 Rxf2 53. Bd8+ 1-0

[Event "CAN/Quebec op"]
[Site "Montreal CAN"]
[Date "2008.07.22"]
[Round "4"]
[White "Tayar, Jonathan"]
[Black "Barbeau, Sylvain"]
[Result "1/2-1/2"]
[WhiteElo "2293"]
[BlackElo "2367"]
[PlyCount "65"]
[GameId "2160767910345245"]
[EventDate "2008.07.19"]
[EventType "swiss"]
[EventRounds "9"]
[EventCountry "CAN"]
[SourceTitle "CBM 125 Extra"]
[Source "ChessBase"]
[SourceDate "2008.09.01"]
[SourceVersion "1"]
[SourceVersionDate "2008.09.01"]
[SourceQuality "1"]

1. e4 e5 2. Bc4 Nf6 3. d3 c6 4. Nf3 d5 5. Bb3 Bd6 6. Nc3 dxe4 7. Ng5 O-O 8. Ncxe4 h6 9. Nxf6+ Qxf6 10. Ne4 Qg6 11. Qf3 Bc7 12. h4 Kh8 13. h5 Qg4 14. Qxg4 Bxg4 15. f3 Bc8 16. g4 f6 17. Bd2 a5 18. a4 Nd7 19. Be6 Re8 20. Bf5 Nf8 21. Bxc8 Rexc8 22. Be3 Ne6 23. Kf2 Rd8 24. Nc5 Nxc5 25. Bxc5 Ra6 26. Rhe1 Bb6 27. Bxb6 Rxb6 28. b3 Rb4 29. Re4 Rxe4 30. fxe4 Kg8 31. Ke3 Kf7 32. Rf1 Ke6 33. Kd2 1/2-1/2

[Event "CAN/Quebec op"]
[Site "Montreal CAN"]
[Date "2008.07.22"]
[Round "4"]
[White "Thavandiran, Shiyam"]
[Black "Gulko, Alexander"]
[Result "1-0"]
[WhiteElo "2288"]
[BlackElo "1894"]
[PlyCount "61"]
[GameId "2160767910345246"]
[EventDate "2008.07.19"]
[EventType "swiss"]
[EventRounds "9"]
[EventCountry "CAN"]
[SourceTitle "CBM 125 Extra"]
[Source "ChessBase"]
[SourceDate "2008.09.01"]
[SourceVersion "1"]
[SourceVersionDate "2008.09.01"]
[SourceQuality "1"]

1. e4 e5 2. Bc4 Nf6 3. d3 c6 4. Nf3 Be7 5. O-O d6 6. Re1 O-O 7. Bb3 h6 8. Nbd2 Re8 9. Nf1 Nbd7 10. c3 Nf8 11. Ng3 Ng6 12. d4 Bf8 13. h3 Qc7 14. Be3 Be6 15. d5 cxd5 16. exd5 Bc8 17. Rc1 Nh7 18. c4 f5 19. Bd2 b6 20. Nd4 f4 21. Nb5 Qd8 22. Qh5 fxg3 23. Qxg6 gxf2+ 24. Kxf2 a6 25. Nc7 Qxc7 26. Qxe8 Bb7 27. Qg6 Be7 28. Kg1 Nf8 29. Qg3 Kh8 30. Rf1 Bf6 31. Bxh6 1-0

[Event "CAN/Quebec op"]
[Site "Montreal CAN"]
[Date "2008.07.22"]
[Round "4"]
[White "Yoos, John"]
[Black "Cheng, Bindi"]
[Result "1-0"]
[WhiteElo "2366"]
[BlackElo "2333"]
[PlyCount "47"]
[GameId "2160767910345247"]
[EventDate "2008.07.19"]
[EventType "swiss"]
[EventRounds "9"]
[EventCountry "CAN"]
[SourceTitle "CBM 125 Extra"]
[Source "ChessBase"]
[SourceDate "2008.09.01"]
[SourceVersion "1"]
[SourceVersionDate "2008.09.01"]
[SourceQuality "1"]

1. e4 c5 2. Nf3 d6 3. d4 cxd4 4. Nxd4 Nf6 5. Nc3 a6 6. Bg5 e6 7. f4 Nbd7 8. Qf3 Qc7 9. O-O-O b5 10. Bxb5 axb5 11. Ndxb5 Qb6 12. e5 Bb7 13. Qe2 h6 14. Bxf6 gxf6 15. exd6 Rc8 16. Rhe1 Kd8 17. g3 Rc5 18. Nd4 Rxc3 19. Nxe6+ fxe6 20. Qxe6 Kc8 21. bxc3 Bc6 22. Rd4 Qa5 23. Rb4 Bd5 24. Qxd5 1-0